| 000 | 00660nam a2200241 a 4500 | ||
|---|---|---|---|
| 008 | |||
| 020 | _a0727908448(pbk.) | ||
| 049 | _aMAIN | ||
| 090 | _aRD97 ABC | ||
| 245 | 1 | 0 |
_aAbc of sports medicine / _cedited by Greg Mclatchie ...[at.el] |
| 260 |
_aLondon : _bBMJ, _c1995. |
||
| 300 |
_avii, 109 p. : _bill. (some col.) ; _c30 cm. |
||
| 490 | _aABCs. | ||
| 500 | _aIncludes index. | ||
| 650 | _aSports medicine. | ||
| 650 | 1 | _aSports science. | |
| 700 | _aMcLatchie, Greg. | ||
| 907 |
_a.b10258899 _b05-11-09 _c08-12-08 |
||
| 003 | |||
| 005 | 20230123124921.0 | ||
| 040 | _cNUST | ||
| 942 |
_cBOOKS _kRD97 ABC |
||
| 999 |
_c132531 _d132531 |
||